| 000 | 01504cam a2200385 a 4500 | ||
|---|---|---|---|
| 001 | 14828153 | ||
| 003 | OSt | ||
| 005 | 20140310181657.0 | ||
| 008 | 070430s2007 enka b 001 0 eng d | ||
| 010 | _a 2007296788 | ||
| 015 |
_aGBA678639 _2bnb |
||
| 016 | 7 |
_a013552606 _2Uk |
|
| 020 | _a0521869765 (hbk.) | ||
| 020 | _a9780521869768 (hbk.) | ||
| 035 | _a(OCoLC)ocm71347597 | ||
| 035 | _a(OCoLC)71347597 | ||
| 040 |
_aUKM _cUKM _dBAKER _dBWKUK _dYDXCP _dDLC |
||
| 042 | _alccopycat | ||
| 050 | 0 | 0 |
_aHD 31 _b.Ak313 2007 |
| 082 | 0 | 4 |
_aIB 658.403 _2 Ak3 2007 |
| 100 | 1 | _aAken, Joan Ernst van. | |
| 245 | 1 | 0 |
_aProblem-solving in organizations : _ba methodological handbook for business students / _cJoan Ernst van Aken, Hans Berends, Hans van der Bij. |
| 260 |
_aCambridge, UK ; _aNew York : _bCambridge University Press, _c2007. |
||
| 300 |
_axiii, 183 p. : _bill. ; _c26 cm. |
||
| 650 | 0 | _aProblem solving. | |
| 700 | 1 | _aBerends, Hans. | |
| 700 | 1 |
_aBij, Hans van der, _d1955- |
|
| 856 | 4 | 2 |
_3Publisher description _uhttp://www.loc.gov/catdir/enhancements/fy0713/2007296788-d.html |
| 856 | 4 | 1 |
_3Table of contents only _uhttp://www.loc.gov/catdir/enhancements/fy0713/2007296788-t.html |
| 856 | 4 | 2 |
_3Contributor biographical information _uhttp://www.loc.gov/catdir/enhancements/fy0724/2007296788-b.html |
| 906 |
_a7 _bcbc _ccopycat _d2 _encip _f20 _gy-gencatlg |
||
| 942 |
_2lcc _cBK |
||
| 999 |
_c1125 _d1125 |
||